Sudden Death - Nachbarländer des Irak - Statistiken

Allgemein
  • Dieses Quiz wurde 36 mal gespielt
  • Das Durchschnittsergebnis liegt bei 4 aus 6
Answers on the Grid
Answers color-coded by a green-red scale on the quiz's grid according to % correct below.
Iran🇮🇷
Saudi-Arabien🇸🇦
Syrien🇸🇾
Jordanien🇯🇴
Kuwait🇰🇼
Türkei🇹🇷
Libanon🇱🇧
Israel🇮🇱
Katar🇶🇦
Ägypten🇪🇬
V.A.E.🇦🇪
Jemen🇾🇪
Oman🇴🇲
Armenien🇦🇲
Aserbaidschan🇦🇿
Georgien🇬🇪
Russland🇷🇺
Bulgarien🇧🇬
Griechenland🇬🇷
Turkmenistan🇹🇲
Afghanistan🇦🇫
Pakistan🇵🇰
 
Antwortstatistiken
Antwort % Korrekt
Iran🇮🇷
93%
Syrien🇸🇾
63%
Saudi-Arabien🇸🇦
60%
Türkei🇹🇷
60%
Kuwait🇰🇼
50%
Jordanien🇯🇴
40%
Keine übereinstimmenden Quizze gefunden
Verteilung der Resultate
Anzahl Personen mit jedem Resultat
Perzentil nach korrekt beantworteten Fragen
Ihre Resultats-Entwicklung
Sie haben dieses Quiz noch nicht gespielt